Dartmoor quiz #1 - Statistics

General Stats
  • This quiz has been taken 31 times
  • The average score is 8 of 20
Answer Stats
Question Answer % Correct
Walking event for teenagers yearly Ten Tors
78%
Primary rock type Granite
74%
Tallest hill High Willhays
74%
3 live firing ranges Okehampton
74%
Longest distance covered in that event (miles) 55
70%
Town on western edge Tavistock
59%
Town on Southern edge Ivybridge
56%
And it's Elevation (m) 621
48%
3 live firing ranges Merrivale
48%
3 live firing ranges Willsworthy
44%
Area in square miles 368
30%
Location of first Dartmoor letterbox Cranmere pool
30%
Hill with large mast upon it near Princetown North Hessary Tor
26%
River Burrator Reservoir feeds Meavy
19%
Where DNPA headquarters are Parke
19%
Only river flowing into Severn Taw
19%
Who wrote Dartmoor 365 John Hayward
11%
Height of Ryders Hill (m) 515
7%
Where the event starts Anthony's Style
4%
Longest stone row The Dancers
4%
No matching quizzes found
Score Distribution
Percent of People with Each Score
Percentile by Number Answered
Your Score History
You have not taken this quiz